LEADER 01292nam0-22004451i-450 001 990005502540403321 005 20260302131021.0 035 $aFED01000550254 035 $a(Aleph)000550254FED01 035 $a000550254 100 $a19990604d1969----km-y0itay50------ba 101 0 $aita 102 $aIT 105 $aa-------001yy 200 1 $a<>sistemi di segni e lo strutturalismo sovietico$fa cura di Remo Faccani e Umberto Eco 210 $aMilano$cValentino Bompiani$d1969 215 $a374 p.$cill.$d22 cm 225 1 $aIdee nuove$v50 610 0 $aEstetica russa 610 0 $aStrutturalismo 676 $a121$v20$zita 702 1$aEco,$bUmberto$f<1932-2016> 702 1$aFaccani,$bRemo 801 0$aIT$bUNINA$gRICA$2UNIMARC 901 $aBK 912 $a990005502540403321 952 $a149.94 FAC$b1119$fDECLI 952 $aP.1 P 162 TER$bBIBL. 49947$fFLFBC 952 $aP.1 P 162$bST.FIL.2730$fFLFBC 952 $aP.1 P 162 (BIS)$bFil.t.2545$fFLFBC 952 $aXI G AA.VV. 177$bs.i.$fDFD 952 $aQ 2$b842$fDSS 952 $aDE FUSCO 2213$bRDF 2282$fDARST 959 $aDARST 959 $aDECLI 959 $aFLFBC 959 $aDSS 959 $aDFD 996 $aSistemi di segni e lo strutturalismo sovietico$9142102 997 $aUNINA